|
|
|
|
| LEADER |
01302nam a2200361 a 4500 |
| 001 |
000474236 |
| 003 |
CZ BrMZK |
| 005 |
20080219102402.0 |
| 007 |
ta |
| 008 |
010907s2000 xr e f cze d |
| 015 |
|
|
|a cnb000885074
|
| 020 |
|
|
|a 80-7033-624-2
|
| 035 |
|
|
|a (OCoLC)48927328
|
| 040 |
|
|
|a BOA001
|b cze
|
| 043 |
|
|
|a e-xv---
|
| 072 |
|
7 |
|a 913(4)
|x Geografie Evropy, reálie, cestování
|2 Konspekt
|9 7
|
| 080 |
|
|
|a 913(497.4)
|2 MRF
|
| 080 |
|
|
|a (036)913
|2 MRF
|
| 100 |
1 |
|
|a Nováková, Marcela,
|d 1950-
|7 jn20010309785
|4 aut
|
| 245 |
1 |
0 |
|a Slovinsko :
|b průvodce do zahraničí /
|c [Marcela Nováková, Ondřej Soukup]
|
| 250 |
|
|
|a 1. vyd.
|
| 260 |
|
|
|a Praha :
|b Olympia,
|c c2000
|
| 300 |
|
|
|a 108 s. :
|b barev. il., pl. ;
|c 21 cm
|
| 490 |
1 |
|
|a Globus
|
| 500 |
|
|
|a Dostupné též v digitální podobě v aplikaci Kramerius
|
| 655 |
|
7 |
|a turistické průvodce
|7 fd133738
|2 czenas
|
| 651 |
|
7 |
|a Slovinsko
|7 ge130856
|2 czenas
|
| 700 |
1 |
|
|a Soukup, Ondřej,
|c průvodce
|4 aut
|
| 830 |
|
0 |
|a Globus (Olympia)
|0 s
|
| 856 |
4 |
1 |
|u http://www.digitalniknihovna.cz/mzk/uuid/uuid:39dc23e0-8956-11e6-84e2-005056827e51
|y Digitalizovaný dokument
|x NDK
|
| 910 |
|
|
|a BOA001
|b 2-1071.931
|
| 990 |
|
|
|a BK
|
| 996 |
6 |
|
|b 2610113333
|c 2-1071.931
|l MZK
|r Sklad / do 1 hodiny
|n 5
|p p.v.
|w 000474236
|u 000010
|a 1
|e BOA001
|j MZK50
|s P
|